| 000 | 00379nam a2200145Ia 4500 | ||
|---|---|---|---|
| 008 | 230917s9999||||xx |||||||||||||| ||und|| | ||
| 040 |
_e53532 _aMAIN |
||
| 041 | _aEnglish | ||
| 082 | _aB R137N:R | ||
| 100 | _aNirmal Kumar | ||
| 245 | 0 | _aRajendra Prasad: and the Indian freedom struggle 1917- 1947 | |
| 260 |
_aNew Delhi _bPatriot _c1991 |
||
| 300 | _axii, 188 p. | ||
| 942 | _cBK | ||
| 999 |
_c79294 _d79294 |
||